Ảnh hưởng của các loại giá thể phối trộn trên sinh trưởng của cúc đồng tiền (Gerbera L.) trồng trong chậu : Luận văn tốt nghiệp Cao học. Chuyên ngành Khoa học đất
Nghiên cứu được thực hiện để xác định giá thể phù hợp có giá thành thấp cho việc trồng hoa cúc Đồng Tiền trồng trong chậu từ các nguồn phế, phụ phẩm nông nghiệp tại quận Bình Thủy và Đồng bằng sông Cửu Long....
Na minha lista:
| Autor principal: | |
|---|---|
| Formato: | Livro |
| Idioma: | Undetermined |
| Publicado em: |
Cần Thơ
Trường Đại học Cần Thơ
2017
|
| Assuntos: | |
| Tags: |
Adicionar Tag
Sem tags, seja o primeiro a adicionar uma tag!
|
| Thư viện lưu trữ: | Trung tâm Học liệu Trường Đại học Cần Thơ |
|---|
| LEADER | 01214nam a2200217Ia 4500 | ||
|---|---|---|---|
| 001 | CTU_221379 | ||
| 008 | 210402s9999 xx 000 0 und d | ||
| 082 | |a 631.86 | ||
| 082 | |b L431 | ||
| 088 | |a 60620103 | ||
| 100 | |a Dương, Minh Long | ||
| 245 | 0 | |a Ảnh hưởng của các loại giá thể phối trộn trên sinh trưởng của cúc đồng tiền (Gerbera L.) trồng trong chậu : | |
| 245 | 0 | |b Luận văn tốt nghiệp Cao học. Chuyên ngành Khoa học đất | |
| 245 | 0 | |c Dương Minh Long ; Nguyễn Mỹ Hoa (Cán bộ hướng dẫn) | |
| 260 | |a Cần Thơ | ||
| 260 | |b Trường Đại học Cần Thơ | ||
| 260 | |c 2017 | ||
| 520 | |a Nghiên cứu được thực hiện để xác định giá thể phù hợp có giá thành thấp cho việc trồng hoa cúc Đồng Tiền trồng trong chậu từ các nguồn phế, phụ phẩm nông nghiệp tại quận Bình Thủy và Đồng bằng sông Cửu Long. | ||
| 650 | |a Organic fertilizers,Phân bón hữu cơ | ||
| 904 | |i My,Hải | ||
| 980 | |a Trung tâm Học liệu Trường Đại học Cần Thơ | ||